[Event "6th EICC"]
[Site "Warsaw POL"]
[Date "2005.06.27"]
[Round "9"]
[White "Khismatullin,D"]
[Black "Tzermiadianos,And"]
[Result "1-0"]
[WhiteElo "2572"]
[BlackElo "2453"]
[EventDate "2005.06.18"]

1. d4 d5 2. c4 e6 3. Nc3 c6 4. e4 dxe4 5. Nxe4 Bb4+ 6. Nc3 c5 7. a3 Ba5 8.
dxc5 Bxc3+ 9. bxc3 Qxd1+ 10. Kxd1 Nf6 11. Nf3 Bd7 12. Bd3 O-O 13. Rb1 Bc6
14. Ne5 Nfd7 15. Nxc6 Nxc6 16. Be3 Rab8 17. Kc2 Rfc8 18. Rhd1 Nf6 19. Be2
e5 20. g4 Rc7 21. g5 Nd7 22. Bf3 Nf8 23. Rb5 a6 24. Rb6 Na5 25. c6 Nxc6 26.
Bxc6 Rxc6 27. Rxc6 bxc6 28. Rd6 Rc8 29. Kb3 Ne6 30. Rd7 Kf8 31. Ra7 Rb8+
32. Kc2 Ke8 33. a4 c5 34. Rxa6 Rb7 35. Ra8+ Kd7 36. h4 f5 37. f3 g6 38. Ra6
Ke7 39. Bf2 Kd7 40. Bg3 f4 41. Bf2 Ke7 42. a5 Kd7 43. Ra8 Kc6 44. a6 Re7
45. Kd3 Nc7 46. Rf8 e4+ 47. fxe4 Ne6 48. Rf6 Kd6 49. Bd4 Rd7 50. Ke2 Ke7
51. Rxe6+ Kxe6 52. Bxc5 f3+ 53. Ke1 Ke5 54. a7 Rd8 55. Bb6 f2+ 56. Kxf2
Rd2+ 57. Ke3 Ra2 58. c5 Ra4 59. c6 Kd6 60. c7 Kd7 61. e5 1-0

[Event "6th EICC"]
[Site "Warsaw POL"]
[Date "2005.06.27"]
[Round "9"]
[White "Chuchelov,V"]
[Black "Bakalarz,M"]
[Result "1-0"]
[WhiteElo "2571"]
[BlackElo "2408"]
[EventDate "2005.06.18"]

1. Nf3 Nf6 2. c4 g6 3. Nc3 d5 4. Qa4+ Bd7 5. Qb3 dxc4 6. Qxc4 Bg7 7. e4 O-O
8. e5 Ng4 9. d4 Be6 10. Qb5 b6 11. h3 c6 12. Qa4 Nh6 13. Be2 f6 14. exf6
exf6 15. Bf4 b5 16. Qc2 Nf5 17. Rd1 Ne7 18. O-O Nd5 19. Bd2 Nxc3 20. bxc3
Qd5 21. a4 Nd7 22. Rfe1 Qb3 23. Qe4 Bd5 24. Qg4 f5 25. Qh4 Rae8 26. Ra1 Nf6
27. axb5 cxb5 28. Rxa7 Nh5 29. Ne5 Bf6 30. Bg5 Qxc3 31. Rd1 Bxe5 32. dxe5
Rxe5 33. Rc1 Qxc1+ 34. Bxc1 Rxe2 35. Qd4 Nf6 36. Bg5 Re4 37. Qb2 Ne8 38.
Qxb5 Be6 39. Bh6 Bc4 40. Qc5 Rf7 41. Rxf7 1-0

[Event "6th EICC"]
[Site "Warsaw POL"]
[Date "2005.06.27"]
[Round "9"]
[White "Baramidze,D"]
[Black "Haznedaroglu,K"]
[Result "1/2-1/2"]
[WhiteElo "2542"]
[BlackElo "2440"]
[EventDate "2005.06.18"]

1. e4 e5 2. Nf3 Nc6 3. Bc4 Nf6 4. d3 Be7 5. Bb3 O-O 6. Nbd2 d6 7. c3 Na5 8.
Bc2 c5 9. Nf1 b5 10. Ng3 Re8 11. O-O Bf8 12. d4 cxd4 13. cxd4 Nc6 14. d5
Nb4 15. Bb1 Na6 16. a3 Nc5 17. b4 Na4 18. Bc2 Bd7 19. Bxa4 bxa4 20. Be3 Qb8
21. h3 Rc8 22. Rc1 Rxc1 23. Qxc1 Qb7 24. Qb2 Rc8 25. Rc1 Rxc1+ 26. Qxc1 Ne8
27. Nd2 Be7 28. Nc4 Bd8 29. f3 Qa6 30. Qc3 Nc7 31. Qc1 1/2-1/2

[Event "6th EICC"]
[Site "Warsaw POL"]
[Date "2005.06.27"]
[Round "9"]
[White "Tazbir,M"]
[Black "Hulak,K"]
[Result "0-1"]
[WhiteElo "2322"]
[BlackElo "2534"]
[EventDate "2005.06.18"]

1. e4 c5 2. Nf3 d6 3. d4 cxd4 4. Nxd4 Nf6 5. Nc3 e6 6. g3 Nc6 7. Bg2 Bd7 8.
Ndb5 Qb8 9. a4 a6 10. Na3 Qc7 11. Be3 Rb8 12. O-O Be7 13. Qe2 O-O 14. Rfd1
Rfc8 15. h3 Be8 16. f4 Nb4 17. Ba7 Ra8 18. Bf2 d5 19. exd5 Nbxd5 20. Nxd5
exd5 21. Re1 Bc5 22. c4 Bxa4 23. cxd5 Bb3 24. d6 Bxd6 25. Qe3 Bd5 26. Rac1
Qd7 27. Bxd5 Nxd5 28. Qd4 Bxa3 29. bxa3 Rxc1 30. Rxc1 Rd8 31. Kh2 h6 32.
Rc2 Qe7 33. Qc5 Qe6 34. Rd2 h5 35. Qc4 b5 36. Qd3 Rd7 37. Qf3 Nf6 38. Rxd7
Qxd7 39. Qa8+ Kh7 40. Qxa6 Qd2 41. Qa7 Ne4 42. Kg1 Nxf2 43. Qxf2 Qc1+ 44.
Kg2 Qxa3 45. Qc2+ Kg8 46. Qc8+ Qf8 47. Qc6 Qb8 48. Qc3 Qb7+ 49. Kf2 b4 50.
Qb3 Qe4 51. h4 Kf8 52. Qb2 Kg8 53. Qb3 Qd4+ 54. Ke2 g6 55. Qa4 Qc3 56. f5
gxf5 57. Qe8+ Kg7 58. Qe7 Qxg3 0-1

[Event "6th EICC"]
[Site "Warsaw POL"]
[Date "2005.06.27"]
[Round "9"]
[White "Ibrahimov,R"]
[Black "Gaprindashvili,V"]
[Result "0-1"]
[WhiteElo "2511"]
[BlackElo "2415"]
[EventDate "2005.06.18"]

1. Nf3 Nf6 2. c4 e6 3. Nc3 d5 4. d4 Bb4 5. Bg5 h6 6. Bxf6 Qxf6 7. e3 O-O 8.
Be2 dxc4 9. O-O Bxc3 10. bxc3 b5 11. a4 c6 12. Ne5 Qe7 13. Qb1 a6 14. f4
Qd6 15. Bf3 Ra7 16. Ra2 Rc7 17. g4 Nd7 18. Rg2 Nxe5 19. fxe5 Qe7 20. h4 f5
21. exf6 Qxf6 22. g5 hxg5 23. hxg5 Qf5 24. Qe1 g6 25. e4 Qf4 26. Rg4 Qf7
27. e5 Qf5 28. Be2 Qc2 29. Rf6 Rh7 30. Rg2 Qe4 31. Qf2 Rxf6 32. gxf6 Bb7
33. d5 exd5 34. Qb6 Rd7 35. axb5 axb5 36. Bg4 Qe1+ 37. Kh2 Qxe5+ 38. Rg3
Rh7+ 39. Bh3 Qxf6 40. Rxg6+ Qxg6 41. Qd8+ Kf7 42. Qd7+ Kf8 43. Qd8+ Qe8 44.
Qf6+ Kg8 0-1

[Event "6th EICC"]
[Site "Warsaw POL"]
[Date "2005.06.27"]
[Round "9"]
[White "Esen,B"]
[Black "Urban,K"]
[Result "1/2-1/2"]
[WhiteElo "2287"]
[BlackElo "2497"]
[EventDate "2005.06.18"]

1. d4 Nf6 2. c4 g6 3. Nc3 d5 4. cxd5 Nxd5 5. g3 Bg7 6. Bg2 Nb6 7. Nf3 Nc6
8. e3 e5 9. d5 Ne7 10. e4 c6 11. d6 Ng8 12. O-O f6 13. b3 Nh6 14. Ba3 Be6
15. Qc2 O-O 16. Ne1 Nd7 17. Nd3 Rc8 18. f4 Kh8 19. Rad1 b6 20. Bb2 a6 21.
Qe2 a5 22. Kh1 b5 23. Qf2 Ng4 24. Qg1 Nh6 25. Rd2 Rb8 26. Nc5 Nxc5 27. Qxc5
Qd7 28. Ne2 Nf7 29. Kg1 Rbc8 30. Nc1 Rfd8 31. Bc3 b4 32. Bb2 Qb7 33. fxe5
Nxe5 34. Rdf2 Nd7 35. Qe3 Qb8 36. Nd3 Qxd6 37. Nf4 Ne5 38. Nxe6 Qxe6 39.
Rd2 Rxd2 40. Qxd2 Qe7 41. Bxe5 Qxe5 42. Qd7 Qc5+ 43. Kh1 Rf8 44. Qd2 Qc3
45. Qe2 Rd8 46. Rd1 Rxd1+ 47. Qxd1 h5 48. Bf3 Qe5 49. Qc2 c5 50. Kg2 Kh7
51. Be2 Bf8 52. Bc4 Bd6 53. Qd3 g5 54. Qd5 Qxd5 55. Bxd5 Kg6 56. Be6 Kg7
57. h3 Kf8 58. g4 h4 59. e5 Ke7 60. Bc4 Bxe5 61. Kf3 f5 62. gxf5 Kf6 63.
Be2 Kxf5 64. Ke3 c4 65. Bxc4 Kf6 66. Kd2 Bc3+ 67. Kc2 Ke5 68. Be2 Kd6 69.
Bg4 Bd4 70. Bf5 Bb6 71. Bg4 Bd8 72. Bf5 Kc5 73. Bg4 Kc6 74. Bf3+ Kb6 75.
Bg4 Ka7 76. Bf5 1/2-1/2

[Event "6th EICC"]
[Site "Warsaw POL"]
[Date "2005.06.27"]
[Round "9"]
[White "Erturan,Y"]
[Black "Del Rio Angelis,S"]
[Result "0-1"]
[WhiteElo "2277"]
[BlackElo "2495"]
[EventDate "2005.06.18"]

1. e4 c6 2. d4 d5 3. Nc3 dxe4 4. Nxe4 Nf6 5. Nxf6+ gxf6 6. Ne2 Bf5 7. Ng3
Bg6 8. Be2 Nd7 9. O-O Qc7 10. c4 O-O-O 11. Be3 h5 12. d5 h4 13. Nh1 c5 14.
f4 f5 15. Nf2 e5 16. dxe6 fxe6 17. Qa4 Kb8 18. Rad1 Be7 19. Rd3 Nb6 20. Qc2
Rdg8 21. Nh3 Be8 22. Bf3 Bc6 23. Bd2 Bxf3 24. Rfxf3 Qc6 25. Ng5 e5 26. Rde3
e4 27. Rf2 Bf6 28. Re1 Bd4 29. Be3 Qf6 30. h3 Rd8 31. Kh1 Rd7 32. Rfe2 Rhd8
33. Bc1 Nc8 34. a3 Ne7 35. b4 cxb4 36. axb4 Bc3 37. Bb2 Bxb2 38. Qxb2 Qxb2
39. Rxb2 Ng6 40. Rf2 Rd1 41. Rxd1 Rxd1+ 42. Kh2 e3 43. Re2 Rd3 44. Ne6 Kc8
45. Re1 b6 46. Ng7 Nxf4 47. Nxf5 e2 48. Nxh4 Re3 49. Nf5 Nd3 50. Nxe3 Nxe1
51. Kg3 Nd3 52. Nc2 Nxb4 53. Ne1 a5 54. Kf2 a4 55. Nf3 a3 56. Nd4 a2 57.
Nb3 Nd3+ 58. Kxe2 Nc1+ 0-1

[Event "6th EICC"]
[Site "Warsaw POL"]
[Date "2005.06.27"]
[Round "9"]
[White "Zaja,I"]
[Black "Guseinov,El"]
[Result "1/2-1/2"]
[WhiteElo "2489"]
[BlackElo "2391"]
[EventDate "2005.06.18"]

1. d4 Nf6 2. c4 g6 3. Nc3 Bg7 4. e4 d6 5. f3 O-O 6. Nge2 c5 7. d5 e6 8. Ng3
exd5 9. cxd5 a6 10. a4 Re8 11. Be2 h5 12. O-O Nh7 13. Bd3 Nd7 14. f4 c4 15.
Bxc4 Qb6+ 16. Kh1 h4 17. Nge2 Nhf6 18. a5 Qc7 19. Bd3 Nc5 20. f5 Nfxe4 21.
Nxe4 Nxe4 22. fxg6 fxg6 23. Nf4 Qc5 24. Bxe4 Rxe4 25. Bd2 Bf5 26. Qb3 h3
27. Rac1 hxg2+ 28. Nxg2 Qb5 29. Qxb5 axb5 30. Ne3 Rd4 31. Nxf5 gxf5 32. Rg1
Rxd2 33. Rc7 Rxa5 34. Rgxg7+ Kf8 35. Rcf7+ Ke8 36. Re7+ Kf8 37. Ref7+ Ke8
38. Rxb7 Ra1+ 39. Rg1 Rxg1+ 40. Kxg1 Rxb2 41. h4 Rb4 42. h5 Rh4 43. Rxb5
Rxh5 44. Rb7 Rh3 45. Kf2 Rd3 46. Ke2 Rxd5 47. Ke3 Re5+ 48. Kf4 Re7 49.
Rxe7+ 1/2-1/2

[Event "6th EICC"]
[Site "Warsaw POL"]
[Date "2005.06.27"]
[Round "9"]
[White "Lopez Martinez,J"]
[Black "Babujian,L"]
[Result "1-0"]
[WhiteElo "2488"]
[BlackElo "2386"]
[EventDate "2005.06.18"]

1. e4 c5 2. Nf3 d6 3. d4 cxd4 4. Nxd4 Nf6 5. Nc3 a6 6. Be3 Nc6 7. f3 e6 8.
Qd2 Be7 9. O-O-O O-O 10. g4 Nxd4 11. Bxd4 b5 12. Kb1 Bb7 13. h4 b4 14. Na4
Bc6 15. Nb6 Rb8 16. Nc4 d5 17. Ne5 Bb7 18. g5 Ne8 19. Rg1 Nd6 20. g6 hxg6
21. h5 g5 22. h6 Bf6 23. hxg7 Kxg7 24. Nc6 Bxd4 25. Qxd4+ e5 26. Qxe5+ f6
27. Rxg5+ Kh6 28. Rh5+ Kg6 29. Qg3+ 1-0

[Event "6th EICC"]
[Site "Warsaw POL"]
[Date "2005.06.27"]
[Round "9"]
[White "Matras,A"]
[Black "Grabarczyk,M"]
[Result "0-1"]
[WhiteElo "2280"]
[BlackElo "2487"]
[EventDate "2005.06.18"]

1. e4 e5 2. Nf3 Nc6 3. Nc3 Nf6 4. d4 exd4 5. Nxd4 Bb4 6. Nxc6 bxc6 7. Bd3
d5 8. exd5 cxd5 9. O-O O-O 10. Bg5 c6 11. Qf3 Rb8 12. Ne2 h6 13. Bxf6 Qxf6
14. Qxf6 gxf6 15. Ng3 Re8 16. Nf5 Bf8 17. b3 c5 18. Ne3 Be6 19. Rfe1 a5 20.
Rad1 a4 21. h3 Red8 22. Be2 f5 23. g4 fxg4 24. hxg4 Bg7 25. Bf3 Bc3 26. Re2
d4 27. Nf5 Kf8 28. Bc6 a3 29. Re4 h5 30. f3 Rb6 31. Ba4 Rb4 32. Re3 Rdb8
33. Re5 hxg4 34. Rxc5 Rxa4 35. bxa4 Bxa2 36. Rb5 Ra8 37. Nd6 Rxa4 38. Ne4
Be6 39. Rb6 Kg7 40. Nxc3 dxc3 41. fxg4 a2 42. Ra1 Rd4 43. Ra6 Rb4 44. R1xa2
Bxa2 45. Rxa2 Rb2 46. Ra3 Rxc2 47. Kf1 Kg6 48. Ke1 Kg5 49. Kd1 Rd2+ 50. Kc1
Kxg4 51. Rxc3 Rd4 52. Rc8 f5 53. Kc2 f4 54. Rg8+ Kf3 55. Kc3 Rd7 56. Rf8
Ke3 57. Re8+ Kf2 58. Rg8 f3 59. Kc2 Ke2 60. Re8+ Kf1 61. Rf8 f2 62. Rf6 Rd5
0-1

[Event "6th EICC"]
[Site "Warsaw POL"]
[Date "2005.06.27"]
[Round "9"]
[White "Iljin,A"]
[Black "Dworakowska,J"]
[Result "1-0"]
[WhiteElo "2484"]
[BlackElo "2383"]
[EventDate "2005.06.18"]

1. e4 c5 2. Nf3 d6 3. d4 cxd4 4. Nxd4 Nf6 5. Nc3 a6 6. Be3 e5 7. Nb3 Be7 8.
f3 Be6 9. Qd2 Nbd7 10. O-O-O O-O 11. g4 Qc7 12. Kb1 Rfb8 13. g5 Nh5 14. f4
exf4 15. Bxf4 Nxf4 16. Qxf4 g6 17. h4 Bf8 18. Nd4 Bg7 19. h5 Nc5 20. hxg6
hxg6 21. Rd2 Qe7 22. Nf5 gxf5 23. exf5 Bxf5 24. Qxf5 Bxc3 25. Bc4 Bxd2 26.
Qh7+ 1-0

[Event "6th EICC"]
[Site "Warsaw POL"]
[Date "2005.06.27"]
[Round "9"]
[White "Karlsson,L"]
[Black "Warakomski,T"]
[Result "1/2-1/2"]
[WhiteElo "2472"]
[BlackElo "2384"]
[EventDate "2005.06.18"]

1. c4 e5 2. g3 Nf6 3. Bg2 Nc6 4. Nc3 Bb4 5. Nd5 Bc5 6. a3 Nxd5 7. cxd5 Qf6
8. e3 Ne7 9. Ne2 d6 10. h3 O-O 11. b4 Bb6 12. Bb2 Qg6 13. d4 Nf5 14. O-O
Re8 15. Kh2 a5 16. e4 Nh6 17. f4 Qh5 18. Ng1 Bg4 19. Qd3 axb4 20. axb4 Rxa1
21. Rxa1 f5 22. fxe5 dxe5 23. Re1 Rf8 24. Rf1 fxe4 25. Rxf8+ Kxf8 26. Bxe4
Qf7 27. Kg2 Bf5 28. Nf3 Bxe4 29. Qxe4 Qf5 30. Qe3 e4 31. Ng5 Qxd5 32. Nxh7+
Kg8 33. Ng5 Qa2 34. Qc3 e3 35. d5 Qxd5+ 36. Nf3 Nf5 37. Qc2 Qe6 38. g4 Nd6
39. Qh7+ Kxh7 40. Ng5+ Kg8 41. Nxe6 Nc4 42. Bc3 Nd2 43. h4 c6 44. h5 Ne4
45. Be1 Kf7 46. Kf3 Nf2 47. Nc5 Bxc5 48. bxc5 Nd3 49. Bc3 Nxc5 50. Kxe3 Ne6
51. Ke4 b5 52. Ke5 Ng5 53. Bb4 Ne6 54. Bc3 Nc5 55. g5 b4 56. Ba1 Kg8 57.
Kd6 Nd3 58. Kxc6 b3 59. Kd5 b2 60. Bxb2 Nxb2 61. Ke6 Nc4 62. Kf5 Nd6+ 63.
Kg6 Nc8 64. Kf5 Nd6+ 65. Kg6 Nf7 66. h6 Nxg5 67. hxg7 1/2-1/2

[Event "6th EICC"]
[Site "Warsaw POL"]
[Date "2005.06.27"]
[Round "9"]
[White "Bagheri,A"]
[Black "Krysztofiak,M"]
[Result "1-0"]
[WhiteElo "2518"]
[BlackElo "2401"]
[EventDate "2005.06.18"]

1. d4 Nf6 2. Nf3 e6 3. Bg5 c5 4. e3 b6 5. d5 exd5 6. Nc3 Be7 7. Nxd5 Bb7 8.
Bc4 Nc6 9. Bxf6 Bxf6 10. c3 d6 11. Nxf6+ Qxf6 12. Bd5 O-O 13. O-O Rab8 14.
Nd2 Rfd8 15. Ne4 Qg6 16. c4 Ne7 17. Bxb7 Rxb7 18. Nc3 Qe6 19. Qa4 Rbd7 20.
Rad1 d5 21. cxd5 Nxd5 22. Nxd5 Rxd5 23. Rxd5 Qxd5 24. Qxa7 Qc6 25. a3 h6
26. h3 Ra8 27. Qe7 Re8 28. Qh4 Qb5 29. b4 Ra8 30. Rd1 c4 31. Qe4 Qa4 32.
Rd7 Rf8 33. Rb7 Qd1+ 34. Kh2 Qd6+ 35. f4 Rc8 36. Rxf7 Kxf7 37. Qf5+ Ke7 38.
Qxc8 b5 39. a4 Qxb4 40. Qb7+ Kf6 41. Qc6+ Kf7 42. axb5 c3 43. b6 c2 1-0

[Event "6th EICC"]
[Site "Warsaw POL"]
[Date "2005.06.27"]
[Round "9"]
[White "Khairullin,I"]
[Black "Maier,C"]
[Result "1-0"]
[WhiteElo "2517"]
[BlackElo "2387"]
[EventDate "2005.06.18"]

1. e4 e6 2. d4 d5 3. e5 c5 4. c3 Nd7 5. Bd3 Ne7 6. Ne2 Nc6 7. Nd2 Be7 8.
O-O cxd4 9. cxd4 Nb6 10. f4 g6 11. Nf3 Bd7 12. a3 a6 13. g4 Nc4 14. b3 N4a5
15. Be3 Na7 16. f5 gxf5 17. gxf5 Bb5 18. Bc2 Qb6 19. Rf2 Bxe2 20. Qxe2
O-O-O 21. f6 Bf8 22. Ng5 Rd7 23. Nxh7 Nb5 24. Nxf8 Rxf8 25. Qd2 Rc7 26. Rg2
Kb8 27. Bd1 Rh8 28. Rg4 Rhc8 29. Bf2 Rc3 30. Rg3 Rxg3+ 31. hxg3 Rc6 32. Rc1
Nxa3 33. Rxc6 Nxc6 34. g4 a5 35. g5 a4 36. g6 axb3 37. gxf7 Qd8 38. Qb2 Nc4
39. Qxb3 Qf8 40. Bh5 Nd8 41. Qg3 Qh6 42. Qg8 Qxh5 43. f8=Q 1-0

[Event "6th EICC"]
[Site "Warsaw POL"]
[Date "2005.06.27"]
[Round "9"]
[White "Sergeev,Vl"]
[Black "Zawadzka,J"]
[Result "0-1"]
[WhiteElo "2458"]
[BlackElo "2383"]
[EventDate "2005.06.18"]

1. e4 c5 2. d3 Nc6 3. g3 g6 4. Bg2 Bg7 5. Nc3 d6 6. Nh3 e6 7. Be3 Nge7 8.
Qd2 O-O 9. O-O Nd4 10. Bh6 Rb8 11. Bxg7 Kxg7 12. Nd1 b5 13. c3 Ndc6 14. a3
a5 15. Ne3 e5 16. f4 f6 17. g4 Bd7 18. Rf3 b4 19. axb4 cxb4 20. Kh1 bxc3
21. bxc3 a4 22. Rff1 Na5 23. Ra2 Qc8 24. f5 g5 25. Nf2 Rb3 26. Rc1 Qb7 27.
Nd5 Bc6 28. c4 Rb1 29. h4 h6 30. Rxb1 Qxb1+ 31. Kh2 Nb3 32. Qb2 Qxb2 33.
Rxb2 Kf7 34. Nc3 Ra8 35. Bf3 Bd7 36. Bd1 Nc5 37. hxg5 hxg5 38. Nb1 Nc6 39.
Na3 Nd4 40. Kg1 Ke7 41. Kf1 Kd8 42. Ke1 Kc7 43. Kd2 Rh8 44. Kc3 Rh2 45. Nb1
Bc6 46. Na3 Rg2 47. Rd2 Kb6 48. Nc2 Ndb3 49. Ne3 Rg3 50. Re2 Ka5 51. Bxb3
axb3 52. Re1 Rf3 53. Nfd1 Rh3 54. Nb2 Rh2 55. Ra1+ Kb6 56. Re1 Rxb2 0-1

[Event "6th EICC"]
[Site "Warsaw POL"]
[Date "2005.06.27"]
[Round "9"]
[White "Marzolo,C"]
[Black "Heberla,B"]
[Result "0-1"]
[WhiteElo "2388"]
[BlackElo "2454"]
[EventDate "2005.06.18"]

1. d4 Nf6 2. c4 g6 3. Nc3 Bg7 4. e4 O-O 5. Bg5 c6 6. Bd3 d5 7. cxd5 cxd5 8.
e5 Nfd7 9. Nxd5 Nc6 10. Bc4 Nb6 11. Nxb6 Qxb6 12. Nf3 Qb4+ 13. Nd2 Qxb2 14.
Be3 Nxd4 15. O-O Nc2 16. Bf4 Nxa1 17. Qxa1 Qxa1 18. Rxa1 Rd8 19. Nf3 h6 20.
h4 Bg4 21. Bb3 Bxf3 22. gxf3 Rac8 23. Re1 e6 24. Be3 Bxe5 25. Bxa7 Bd4 0-1

[Event "6th EICC"]
[Site "Warsaw POL"]
[Date "2005.06.27"]
[Round "9"]
[White "Olszewski,Mi"]
[Black "Thorfinnsson,Br"]
[Result "0-1"]
[WhiteElo "2387"]
[BlackElo "2442"]
[EventDate "2005.06.18"]

1. e4 c5 2. Nf3 d6 3. d4 cxd4 4. Nxd4 Nf6 5. Nc3 a6 6. Be3 e6 7. f3 Qc7 8.
Qd2 Be7 9. a4 Nc6 10. Be2 O-O 11. O-O Rd8 12. a5 d5 13. Nxc6 Qxc6 14. Bb6
Bc5+ 15. Bxc5 Qxc5+ 16. Kh1 Bd7 17. exd5 Bc6 18. Ne4 Qxd5 19. Nxf6+ gxf6
20. Qxd5 Rxd5 21. Rfd1 Rad8 22. Rxd5 Rxd5 23. Bd3 f5 24. Kg1 Bb5 25. Bxb5
axb5 26. c3 Rd2 27. b4 Rc2 28. a6 bxa6 29. Rxa6 Rxc3 30. Rb6 Rc2 31. Rxb5
Rb2 32. f4 Kg7 33. Rb7 Kg6 34. Kf1 h6 35. Rb6 Kh5 36. Rb7 Kg4 37. Rxf7 Kxf4
38. Rf6 e5 39. Rxh6 e4 40. Rh5 Rb1+ 41. Ke2 Rb2+ 42. Kf1 Ke3 43. g3 Rf2+
44. Kg1 Ke2 45. b5 e3 46. b6 Kd3 47. b7 Rb2 48. Rxf5 Rxb7 49. Re5 Rb1+ 50.
Kg2 e2 51. Kf3 e1=Q 52. Rxe1 Rxe1 53. Kf4 Kd4 54. h4 Kd5 55. Kf5 Rf1+ 56.
Kg6 Rg1 57. h5 Rxg3+ 58. Kf6 Rh3 59. Kg6 Ke6 60. h6 Rg3+ 0-1

[Event "6th EICC"]
[Site "Warsaw POL"]
[Date "2005.06.27"]
[Round "9"]
[White "Michalczak,T"]
[Black "Atakisi,U"]
[Result "0-1"]
[WhiteElo "2369"]
[BlackElo "2439"]
[EventDate "2005.06.18"]

1. e4 c6 2. d4 d5 3. Nc3 dxe4 4. Nxe4 Bf5 5. Ng3 Bg6 6. h4 h6 7. Nf3 Nd7 8.
h5 Bh7 9. Bd3 Bxd3 10. Qxd3 e6 11. Bf4 Ngf6 12. O-O-O Nd5 13. Bd2 Nb4 14.
Bxb4 Bxb4 15. Ne5 Qe7 16. Ne4 O-O-O 17. Qg3 Nf6 18. Rh4 Rhg8 19. Qf3 Nd5
20. g3 f5 21. Nd2 Bxd2+ 22. Rxd2 Nf6 23. Rd3 Ne4 24. Qf4 Qg5 25. Qxg5 hxg5
26. Rh2 g4 27. c3 Rd5 28. Re3 c5 29. Ng6 Kd7 30. Nf4 cxd4 31. Rxe4 fxe4 32.
Nxd5 exd5 33. cxd4 Rh8 34. Rh4 Ke6 35. Rxg4 Rxh5 36. Rxg7 Rh2 37. Rxb7 Rxf2
38. Rxa7 e3 39. Ra3 Rf3 40. g4 Kf6 41. Kd1 Kg5 42. Ke2 Kf4 43. b4 Rf2+ 44.
Ke1 Rb2 45. Ra8 Ke4 46. g5 Rxb4 47. g6 Rb1+ 48. Ke2 Rb2+ 49. Kf1 Rf2+ 50.
Ke1 Rg2 51. Rg8 Kd3 52. Kf1 Rg5 53. g7 e2+ 54. Kf2 Rf5+ 0-1

[Event "6th EICC"]
[Site "Warsaw POL"]
[Date "2005.06.27"]
[Round "9"]
[White "Bugajski,R"]
[Black "Loeffler,S"]
[Result "0-1"]
[WhiteElo "2218"]
[BlackElo "2429"]
[EventDate "2005.06.18"]

1. c4 c5 2. Nc3 g6 3. g3 Bg7 4. Bg2 Nc6 5. e3 Nh6 6. Nge2 Nf5 7. O-O b6 8.
b3 Bb7 9. Bb2 O-O 10. d3 e6 11. Qd2 d6 12. Rad1 Qd7 13. Ne4 e5 14. f4 Rae8
15. N2c3 Nce7 16. Qf2 f6 17. g4 Nh6 18. h3 f5 19. g5 fxe4 20. gxh6 Bxh6 21.
dxe4 exf4 22. Qh4 f3 23. Rxf3 Rxf3 24. Qxh6 Rf7 25. h4 Ref8 26. Ne2 Qg4 27.
Rd2 Rf1+ 28. Kh2 Qxg2+ 29. Kxg2 Bxe4+ 30. Kh3 R8f3+ 31. Ng3 Rxg3+ 32. Kh2
Nf5 33. Qg7+ Nxg7 34. Kxg3 Nf5+ 35. Kg4 Kf7 0-1

[Event "6th EICC"]
[Site "Warsaw POL"]
[Date "2005.06.27"]
[Round "9"]
[White "Mazi,L"]
[Black "Luch,M"]
[Result "1/2-1/2"]
[WhiteElo "2365"]
[BlackElo "2417"]
[EventDate "2005.06.18"]

1. e4 c5 2. Nf3 d6 3. d4 cxd4 4. Nxd4 Nf6 5. Nc3 a6 6. Bg5 e6 7. Qf3 h6 8.
Bxf6 Qxf6 9. Qxf6 gxf6 10. f4 h5 11. Nf3 Bh6 12. g3 b5 13. Nh4 Bb7 14. Bg2
Nc6 15. Rd1 Na5 16. Rd3 Rc8 17. Kd1 Ke7 18. Kc1 Rc7 19. a3 Rhc8 20. Kb1 Bg7
21. Re1 Nc4 22. Nd1 f5 23. c3 fxe4 1/2-1/2

[Event "6th EICC"]
[Site "Warsaw POL"]
[Date "2005.06.27"]
[Round "9"]
[White "Murtez,H"]
[Black "Neubauer,M"]
[Result "1/2-1/2"]
[WhiteElo "2354"]
[BlackElo "2457"]
[EventDate "2005.06.18"]

1. e4 d6 2. d4 Nf6 3. Nc3 g6 4. f3 c6 5. Be3 b5 6. Qd2 Nbd7 7. Bh6 Bxh6 8.
Qxh6 e5 9. O-O-O a6 10. Kb1 Bb7 11. Nh3 Qe7 12. dxe5 dxe5 13. Qe3 O-O 14.
Ne2 Rfd8 15. Nc1 c5 16. Be2 Nf8 17. Rxd8 Rxd8 18. Rd1 Rxd1 19. Bxd1 Qd6 20.
Qd3 Qxd3 21. Nxd3 N6d7 22. Nhf2 Ne6 23. c3 g5 24. Kc1 Kg7 25. Kd2 f6 26.
Ne1 Nb6 27. b3 a5 28. Nc2 Bc8 29. Ne3 Nd8 30. Be2 Bd7 31. Nd3 Nb7 32. a3
Be6 33. b4 cxb4 34. cxb4 axb4 35. Nxb4 Nd6 36. Kc3 Na4+ 37. Kc2 f5 38. exf5
Nxf5 39. Nxf5+ Bxf5+ 40. Kd2 Bd7 41. Nd5 Nc5 42. Nc3 Nb3+ 43. Ke3 Nd4 44.
Bd3 Bc6 45. Ne2 Ne6 46. Bf5 Nc7 47. Nc3 h6 48. Be4 Bd7 49. Bd3 Kf6 50. g3
Ke6 51. Be4 Kd6 52. Bc2 Bc6 53. Ne4+ Ke7 54. Bb3 Na6 55. Ba2 b4 56. axb4
Nxb4 57. Bb3 Bxe4 58. Kxe4 Kf6 1/2-1/2

[Event "6th EICC"]
[Site "Warsaw POL"]
[Date "2005.06.27"]
[Round "9"]
[White "Citak,S"]
[Black "Abergel,T"]
[Result "0-1"]
[WhiteElo "2351"]
[BlackElo "2456"]
[EventDate "2005.06.18"]

1. d4 Nf6 2. c4 e6 3. Nc3 Bb4 4. Qc2 Nc6 5. Nf3 d6 6. Bg5 h6 7. Bd2 O-O 8.
a3 Bxc3 9. Bxc3 Re8 10. g3 e5 11. d5 e4 12. Nd2 Ne5 13. Nxe4 Nxe4 14. Qxe4
Qg5 15. f4 Qg4 16. O-O-O Bf5 17. Qd4 c5 18. Qf2 Be4 19. fxe5 Bxh1 20. exd6
Qxc4 21. d7 Red8 22. e4 Qa4 23. e5 Qxd7 24. Bc4 b5 25. Rxh1 bxc4 26. Rd1
Rab8 27. Qf4 Qa4 28. Rf1 Rb7 29. d6 Rdb8 30. Qf3 Qb3 31. Qd5 Qa2 32. Kd1
Qa1+ 33. Ke2 Rxb2+ 34. Bd2 Rxd2+ 35. Qxd2 Qxe5+ 36. Kf3 Rb2 37. Qe1 Qf5+
38. Ke3 Rb3+ 0-1

[Event "6th EICC"]
[Site "Warsaw POL"]
[Date "2005.06.27"]
[Round "9"]
[White "Kadziolka,B"]
[Black "Szoen,D"]
[Result "1/2-1/2"]
[WhiteElo "2311"]
[BlackElo "2444"]
[EventDate "2005.06.18"]

1. d4 g6 2. c4 Bg7 3. e4 d6 4. Nc3 c5 5. d5 e6 6. h3 exd5 7. cxd5 Nf6 8.
Bd3 O-O 9. Nf3 Na6 10. O-O Nc7 11. Re1 Re8 12. a4 b6 13. Bf4 Nh5 14. Bh2
Be5 15. Bxe5 dxe5 16. Bf1 Qf6 17. d6 Rd8 18. dxc7 Rxd1 19. Raxd1 Bb7 20.
Rd7 Rf8 21. Nd5 Qe6 22. Rd8 h6 23. Rd1 Kg7 24. Bb5 a6 25. Bd7 Qd6 26. Rxf8
Kxf8 27. c8=Q+ Bxc8 28. Bxc8 Qc6 29. Bg4 Qxa4 30. Nxe5 Qxe4 31. Nd7+ Kg7
32. Bxh5 gxh5 33. N7xb6 Qc2 34. Ne3 Qxb2 35. Nbc4 Qa2 36. Rd5 Qb1+ 37. Kh2
Qb4 38. Rxh5 a5 39. Rd5 a4 40. Rd3 Kg6 41. Rd6+ Kh7 42. Ra6 h5 43. Kg3 Qb8+
44. Kh4 f5 45. Kxh5 f4 46. Rh6+ Kg8 47. Nf5 Qe8+ 48. Kg5 Qd8+ 49. Kxf4 a3
50. Ra6 Qd3 51. Nfe3 Qe2 52. Rxa3 Qxf2+ 53. Kg4 Qe2+ 54. Kg5 Qf2 55. Ra8+
Kf7 56. Ra7+ Ke6 57. Ra6+ Ke7 58. g4 Kf7 59. h4 Qh2 60. h5 Qc7 61. Rf6+ Kg7
62. Nf5+ Kh7 63. Ncd6 Qd8 64. Kf4 Qxf6 65. g5 Qe6 66. g6+ 1/2-1/2

[Event "6th EICC"]
[Site "Warsaw POL"]
[Date "2005.06.27"]
[Round "9"]
[White "Berescu,A"]
[Black "Stoma,P"]
[Result "1-0"]
[WhiteElo "2439"]
[BlackElo "2295"]
[EventDate "2005.06.18"]

1. e4 c5 2. Nf3 e6 3. d4 cxd4 4. Nxd4 a6 5. Nc3 Qc7 6. g3 Nc6 7. Bg2 Nf6 8.
O-O Be7 9. Re1 O-O 10. Nxc6 dxc6 11. e5 Rd8 12. Qf3 Nd5 13. h4 Nxc3 14.
Qxc3 Bd7 15. Bg5 Be8 16. Bxe7 Qxe7 17. Rad1 c5 18. Qb3 Rab8 19. Qb6 h6 20.
Rd6 Rdc8 21. Red1 Rc7 22. c4 Rbc8 23. Be4 g5 24. hxg5 hxg5 25. Qb3 Kg7 26.
Qf3 f5 27. exf6+ Qxf6 28. Bxb7 Rb8 29. Qxf6+ Kxf6 30. Bd5 Bf7 31. b3 a5 32.
Re1 Re7 33. Rc6 a4 34. Re3 axb3 35. axb3 Rd8 36. Bf3 Ra7 37. Bg4 Re8 38.
Rxc5 e5 39. Rf3+ Kg7 40. Rxf7+ 1-0

[Event "6th EICC"]
[Site "Warsaw POL"]
[Date "2005.06.27"]
[Round "9"]
[White "Skurski,J"]
[Black "Erdogdu,M"]
[Result "0-1"]
[WhiteElo "2299"]
[BlackElo "2414"]
[EventDate "2005.06.18"]

1. e4 e5 2. Nf3 Nc6 3. Bb5 a6 4. Ba4 Nf6 5. O-O Nxe4 6. d4 b5 7. Bb3 d5 8.
dxe5 Be6 9. c3 Be7 10. Nbd2 Nc5 11. Bc2 Bg4 12. Re1 O-O 13. Nf1 Re8 14. Ne3
Nxe5 15. Bxh7+ Kxh7 16. Qc2+ Kg8 17. Nxe5 Bh5 18. Qf5 Bf6 19. Nc6 Bg6 20.
Qxg6 fxg6 21. Nxd8 Raxd8 22. Rb1 d4 23. cxd4 Rxd4 24. b3 Nd3 25. Rd1 Red8
26. Nc2 R4d7 27. Be3 c5 28. Ne1 c4 29. bxc4 bxc4 30. Nxd3 Rxd3 31. Rxd3
Rxd3 32. Kf1 Ra3 33. Rc1 Ra4 34. Rc2 Kf7 35. Ke2 Ke6 36. Kf3 Kd5 37. Rd2+
Kc6 38. Rc2 Kb5 39. Ke4 Rb4 40. Bc1 c3+ 41. Kd3 Rc4 42. Be3 g5 43. Rc1 Rb4
44. Rc2 g4 45. f3 gxf3 46. gxf3 Rh4 47. Rg2 Rh3 48. f4 Rh8 49. Re2 Rd8+ 50.
Kc2 Kc4 51. Bc1 Rh8 52. Re4+ Kd5 53. Re2 Kd4 54. Ba3 Rb8 55. Bc1 Rb5 56.
Re3 Rc5 57. Re6 Ra5 58. a3 Rh5 59. Re2 Kc4 60. Re4+ Bd4 61. Re2 a5 62. Rg2
a4 63. Re2 Rh3 64. Rg2 Rf3 65. Re2 Rf1 66. Rg2 Re1 67. f5 Rf1 68. Rg4 Rf2+
69. Kb1 Kd5 70. h4 c2+ 71. Ka2 Rf1 0-1